[Event "Landesklasse West 2012/2013"]
[Site "?"]
[Date "2013.02.17"]
[Round "7"]
[White "Petiko, Nikolai"]
[Black "Wenke, Robert"]
[Result "1-0"]
[WhiteElo "1912"]
[BlackElo "1543"]
[PlyCount "55"]
[EventDate "2013.??.??"]
[WhiteTeam "SV Breitenworbis"]
[BlackTeam "Schachclub 1998 Gotha"]

1. e4 e5 2. Nc3 Nf6 3. Bc4 Nc6 4. d3 Be7 5. f4 d6 6. Nf3 O-O 7. f5 Na5 8. Qe2
Nxc4 9. dxc4 b6 10. Bg5 c6 11. O-O Qc7 12. Rad1 a5 13. a4 Ba6 14. b3 Rad8 15.
Rd2 Rd7 16. Rfd1 Rfd8 17. h3 Kf8 18. g4 Ng8 19. Be3 h6 20. Qf2 c5 21. h4 Qb7
22. g5 Ke8 23. Nd5 Qa8 24. Qg3 hxg5 25. hxg5 Rb7 26. Rh2 Kd7 27. Rh7 Bf8 28.
Nxe5+ 1-0

[Event "Landesklasse West 2012/2013"]
[Site "?"]
[Date "2013.02.17"]
[Round "7"]
[White "Müller, Martin"]
[Black "Biel, Peter"]
[Result "1/2-1/2"]
[WhiteElo "1375"]
[BlackElo "1665"]
[PlyCount "69"]
[EventDate "2013.??.??"]
[WhiteTeam "Schachclub 1998 Gotha"]
[BlackTeam "SV Breitenworbis"]

1. d4 d5 2. c4 e6 3. Nc3 Nf6 4. Bg5 Be7 5. e3 O-O 6. Nf3 Nbd7 7. cxd5 Nxd5 8.
Bxe7 Qxe7 9. Bd3 Nxc3 10. bxc3 e5 11. Qc2 g6 12. O-O Re8 13. e4 exd4 14. cxd4
c6 15. Rac1 Nb6 16. Rfe1 Be6 17. Nd2 Rad8 18. Nf3 Rd7 19. Rcd1 Bg4 20. Bc4 Bxf3
21. gxf3 Qf6 22. d5 Nxc4 23. Qxc4 Qg5+ 24. Kh1 cxd5 25. Qa4 Ree7 26. Rg1 Qf4
27. Rg3 Rd6 28. Qxa7 Red7 29. Qb8+ Kg7 30. Rxd5 Qf6 31. Rxd6 Qxd6 32. Qxd6 Rxd6
33. f4 Rd2 34. Kg2 Rxa2 35. Rb3 1/2-1/2

[Event "Landesklasse West 2012/2013"]
[Site "?"]
[Date "2013.02.17"]
[Round "7"]
[White "Vergin, Marcel"]
[Black "Langlotz, Tobias"]
[Result "1-0"]
[WhiteElo "1543"]
[BlackElo "1174"]
[PlyCount "49"]
[EventDate "2013.??.??"]
[WhiteTeam "SV Breitenworbis"]
[BlackTeam "Schachclub 1998 Gotha"]

1. d4 b6 2. e4 e6 3. Nc3 Bb7 4. a3 Nf6 5. d5 exd5 6. exd5 Qe7+ 7. Be3 Qd6 8.
Nb5 Qe5 9. Nf3 Qxb2 10. Bd4 Qxa1 11. Qxa1 Na6 12. c4 Be7 13. Bd3 O-O 14. O-O c6
15. dxc6 dxc6 16. Nc3 Rad8 17. Ne4 c5 18. Nxf6+ Bxf6 19. Bxf6 gxf6 20. Be2 Rfe8
21. Qxf6 Rd7 22. Ne5 Rde7 23. Bh5 Rxe5 24. Bxf7+ Kf8 25. Be6# 1-0

[Event "Landesklasse West 2012/2013"]
[Site "?"]
[Date "2013.02.17"]
[Round "7"]
[White "Manger, Erika"]
[Black "Hermann, Frank"]
[Result "1/2-1/2"]
[WhiteElo "1399"]
[BlackElo "1503"]
[PlyCount "22"]
[EventDate "2013.??.??"]
[WhiteTeam "Schachclub 1998 Gotha"]
[BlackTeam "SV Breitenworbis"]

1. c4 e5 2. g3 Nf6 3. Bg2 c6 4. e3 d5 5. cxd5 cxd5 6. d3 Nc6 7. Ne2 Bb4+ 8. Bd2
Qa5 9. O-O Bf5 10. Bxb4 Qxb4 11. Qc2 O-O 1/2-1/2

[Event "Landesklasse West 2012/2013"]
[Site "?"]
[Date "2013.02.17"]
[Round "7"]
[White "Wegerich, Michael"]
[Black "Kachel, Alfred"]
[Result "1/2-1/2"]
[WhiteElo "2040"]
[BlackElo "1956"]
[PlyCount "42"]
[EventDate "2013.??.??"]
[WhiteTeam "SV Ammern"]
[BlackTeam "Schachclub Rochade Leinefelde"]

1. e4 d5 2. exd5 Qxd5 3. Nc3 Qd6 4. d4 Nf6 5. Nf3 c6 6. Be2 Bg4 7. h3 Bxf3 8.
Bxf3 e6 9. O-O Nbd7 10. Be3 Be7 11. Qd2 O-O 12. Rad1 Nb6 13. b3 Nbd5 14. Nxd5
Nxd5 15. c4 Nxe3 16. Qxe3 Bf6 17. d5 exd5 18. cxd5 c5 19. Rfe1 Rac8 20. Qd3 a6
21. a4 Rfe8 1/2-1/2

[Event "Landesklasse West 2012/2013"]
[Site "?"]
[Date "2013.02.17"]
[Round "7"]
[White "Ziegenfuß, Holger"]
[Black "Dawydow, Alexej"]
[Result "1/2-1/2"]
[WhiteElo "1895"]
[BlackElo "1917"]
[PlyCount "62"]
[EventDate "2013.??.??"]
[WhiteTeam "Schachclub Rochade Leinefelde"]
[BlackTeam "SV Ammern"]

1. e4 e5 2. Nc3 Nc6 3. Bc4 d6 4. d3 Nf6 5. f4 Na5 6. Bb3 Nxb3 7. axb3 exf4 8.
Bxf4 Be7 9. Nf3 O-O 10. O-O Bg4 11. Qe1 h6 12. Qg3 Bd7 13. Bd2 Kh8 14. Nd4 Nh7
15. Nf5 Bxf5 16. Rxf5 Bg5 17. Be1 c6 18. Bf2 a6 19. Rf1 Qe7 20. Bd4 Bf6 21.
Rxf6 Nxf6 22. Qh4 Ng8 23. Qh3 Qe6 24. Qh4 Qg6 25. Ne2 Qg5 26. Qh3 f5 27. exf5
Nf6 28. Nf4 Rf7 29. Ne6 Qg4 30. Qe3 Nd5 31. Qxh6+ Kg8 1/2-1/2

[Event "Landesklasse West 2012/2013"]
[Site "?"]
[Date "2013.02.17"]
[Round "7"]
[White "Kampfhenkel, Ulrich"]
[Black "Frank, Thomas"]
[Result "1/2-1/2"]
[WhiteElo "1986"]
[BlackElo "1907"]
[PlyCount "74"]
[EventDate "2013.??.??"]
[WhiteTeam "SV Ammern"]
[BlackTeam "Schachclub Rochade Leinefelde"]

1. e4 c5 2. Nf3 e6 3. d4 cxd4 4. Nxd4 Nc6 5. Nc3 Qc7 6. Be3 a6 7. Be2 Nf6 8.
O-O Bb4 9. Nxc6 Bxc3 10. bxc3 bxc6 11. Bf3 d5 12. exd5 cxd5 13. Qd4 O-O 14. c4
Bb7 15. Bf4 Qd7 16. Rab1 Rfc8 17. c5 Bc6 18. Rfd1 Qa7 19. Be5 Ne8 20. Rb6 Bb5
21. a4 Bc4 22. c6 Qe7 23. Rb7 Qa3 24. Ra1 Qf8 25. c7 Nd6 26. Ra7 f6 27. Bg3
Rxa7 28. Qxa7 Qe7 29. Qb8 e5 30. Bg4 Qxc7 31. Be6+ Kf8 32. Qxc7 Rxc7 33. f4 Ne4
34. Be1 Ke7 35. Bf5 g6 36. Bxe4 dxe4 37. fxe5 fxe5 1/2-1/2

[Event "Landesklasse West 2012/2013"]
[Site "?"]
[Date "2013.02.17"]
[Round "7"]
[White "Pfitzenreuter, Gerald"]
[Black "Kurze, Christoph"]
[Result "1-0"]
[WhiteElo "1901"]
[BlackElo "1913"]
[PlyCount "33"]
[EventDate "2013.??.??"]
[WhiteTeam "Schachclub Rochade Leinefelde"]
[BlackTeam "SV Ammern"]

1. d4 Nf6 2. c4 e6 3. Nc3 Bb4 4. e3 c5 5. Nf3 Ne4 6. Qc2 f5 7. Bd3 Qa5 8. O-O
Nxc3 9. bxc3 Bxc3 10. Rb1 a6 11. Rb3 cxd4 12. exd4 Bb4 13. c5 Nc6 14. a3 Bxc5
15. Qxc5 b5 16. d5 Nd8 17. Bg5 1-0

[Event "Landesklasse West 2012/2013"]
[Site "?"]
[Date "2013.02.17"]
[Round "7"]
[White "Schorch, Rüdiger"]
[Black "Petiko, Jakob"]
[Result "0-1"]
[WhiteElo "1881"]
[BlackElo "1899"]
[PlyCount "94"]
[EventDate "2013.??.??"]
[WhiteTeam "SV Ammern"]
[BlackTeam "Schachclub Rochade Leinefelde"]

1. c4 c5 2. Nf3 Nc6 3. d4 d6 4. d5 Nb8 5. Nc3 Nf6 6. e4 Nbd7 7. Bd3 e5 8. dxe6
fxe6 9. Qa4 Ng4 10. h3 Nge5 11. Nxe5 dxe5 12. Be2 Bd6 13. Nb5 Bb8 14. Bh5+ g6
15. Bg4 Qf6 16. O-O h5 17. Be2 O-O 18. Qb3 a6 19. Na3 Qh4 20. Bh6 Rf7 21. Qe3
Qe7 22. Rad1 Ba7 23. Qg3 Kh7 24. Bg5 Qf8 25. f4 exf4 26. Bxf4 Qg7 27. Rd2 Nf6
28. Bd3 Nd7 29. e5 Rxf4 30. Rxf4 Nxe5 31. Rdf2 Bb8 32. Rf6 Ng4 33. Rxg6 Bxg3
34. Rxg4+ Kh8 35. Rxg7 Bxf2+ 36. Kxf2 Kxg7 37. Kg3 Bd7 38. Kh4 Be8 39. Be4 Rb8
40. Kg5 b5 41. b3 Rd8 42. Nc2 Rd2 43. a3 Bg6 44. Bxg6 Rxg2+ 45. Kxh5 Rxg6 46.
Kh4 Rg2 47. Ne3 Rb2 0-1

[Event "Landesklasse West 2012/2013"]
[Site "?"]
[Date "2013.02.17"]
[Round "7"]
[White "Seeboth, Paul"]
[Black "Salaske, Peter"]
[Result "1-0"]
[WhiteElo "1806"]
[BlackElo "1805"]
[PlyCount "65"]
[EventDate "2013.??.??"]
[WhiteTeam "Schachclub Rochade Leinefelde"]
[BlackTeam "SV Ammern"]

1. d4 g6 2. e4 Bg7 3. c3 d6 4. Bg5 Nf6 5. Nd2 O-O 6. Ngf3 c6 7. Be2 Qc7 8. O-O
Nbd7 9. Qc2 e5 10. Nc4 b5 11. Ne3 a6 12. a4 Bb7 13. dxe5 Nxe5 14. Nxe5 dxe5 15.
c4 b4 16. c5 a5 17. Rad1 Bc8 18. Bc4 h6 19. Bh4 g5 20. Bg3 Ng4 21. Nxg4 Bxg4
22. f3 Bh5 23. Rd2 Rad8 24. Rfd1 Rfe8 25. Rd6 Bf8 26. Bxe5 Bxd6 27. Bxd6 Qd7
28. e5 Bg6 29. Qxg6+ Kh8 30. Qxh6+ Kg8 31. Qxg5+ Kh8 32. Qf6+ Kg8 33. Rd4 1-0

[Event "Landesklasse West 2012/2013"]
[Site "?"]
[Date "2013.02.17"]
[Round "7"]
[White "Breuer, Harald"]
[Black "Löffelholz, Christian"]
[Result "1-0"]
[WhiteElo "1766"]
[BlackElo "1708"]
[PlyCount "53"]
[EventDate "2013.??.??"]
[WhiteTeam "SV Ammern"]
[BlackTeam "Schachclub Rochade Leinefelde"]

1. e4 c5 2. c3 d6 3. d4 cxd4 4. cxd4 Nf6 5. Nc3 a6 6. Bg5 Nbd7 7. Nf3 b5 8. e5
dxe5 9. dxe5 Ng4 10. Bf4 Qb6 11. Qd2 Bb7 12. Rd1 Rd8 13. h3 Bxf3 14. gxf3 Ngxe5
15. Be2 e6 16. Ne4 Nc4 17. Qc3 e5 18. Bg3 a5 19. a3 Rc8 20. O-O f5 21. Qd3 Rc7
22. Ng5 Qg6 23. f4 Bd6 24. Qd5 exf4 25. Bxc4 fxg3 26. Rfe1+ Be7 27. Qa8+ 1-0

[Event "Landesklasse West 2012/2013"]
[Site "?"]
[Date "2013.02.17"]
[Round "7"]
[White "Stöber, Guido"]
[Black "Böhm, Bernd"]
[Result "1-0"]
[WhiteElo "1499"]
[BlackElo "1620"]
[PlyCount "82"]
[EventDate "2013.??.??"]
[WhiteTeam "Schachclub Rochade Leinefelde"]
[BlackTeam "SV Ammern"]

1. e4 e5 2. Nf3 Nc6 3. Bc4 Bc5 4. Nc3 a6 5. a3 d6 6. O-O Be6 7. Qe2 Bg4 8. Qd3
Nge7 9. Ng5 O-O 10. Qg3 Qd7 11. h3 Be6 12. Nd5 Bxd5 13. exd5 Nd4 14. Bd3 Ng6
15. b4 Ba7 16. Bb2 f5 17. Bxd4 Bxd4 18. c3 Ba7 19. Be2 Rf6 20. c4 Nf4 21. Qf3
Rg6 22. Ne6 Nxg2 23. Kh1 Qf7 24. Rg1 Nh4 25. Qh5 Bxf2 26. Ng5 Qe8 27. Qxh7+ Kf8
28. Ne6+ Ke7 29. Nxg7 Rxg1+ 30. Rxg1 Qf7 31. Bh5 Bxg1 32. Bxf7 Bf2 33. Nxf5+
Nxf5 34. Qxf5 Bd4 35. Qe6+ Kf8 36. h4 e4 37. h5 e3 38. dxe3 Bxe3 39. Bg6 Kg7
40. Qxe3 Rg8 41. Kh2 c6 1-0

[Event "Landesklasse West 2012/2013"]
[Site "?"]
[Date "2013.03.24"]
[Round "8"]
[White "Kachel, Alfred"]
[Black "Hocke, Sebastian"]
[Result "1/2-1/2"]
[WhiteElo "1956"]
[BlackElo "2017"]
[PlyCount "139"]
[EventDate "2013.??.??"]
[WhiteTeam "Schachclub Rochade Leinefelde"]
[BlackTeam "ESV Lok Meiningen"]

1. e4 c5 2. Nf3 d6 3. d4 cxd4 4. Nxd4 Nf6 5. f3 e5 6. Bb5+ Bd7 7. Bxd7+ Nbxd7
8. Nf5 Nb6 9. O-O g6 10. Ne3 d5 11. exd5 Nfxd5 12. Qe2 Qc7 13. Nxd5 Nxd5 14. c4
Bc5+ 15. Kh1 Nb6 16. Bh6 Bd4 17. Na3 a6 18. Bg7 Rg8 19. Bxe5 Qxe5 20. Qxe5+
Bxe5 21. Rfe1 O-O-O 22. Rxe5 Rge8 23. Rxe8 Rxe8 24. h4 Re2 25. c5 Na4 26. Nc4
Nxb2 27. Nd6+ Kc7 28. Nxf7 Nd3 29. Ng5 h6 30. Nf7 Rc2 31. Rf1 Rxa2 32. Nxh6
Nxc5 33. f4 b5 34. g4 b4 35. f5 gxf5 36. Nxf5 b3 37. Ne3 b2 38. Nd5+ Kd6 39.
Nc3 Ra3 40. Nb1 Rh3+ 41. Kg2 Rxh4 42. Kg3 Rh7 43. Rf6+ Kc7 44. Kg2 Rg7 45. Kf3
Re7 46. Rf5 Kc6 47. Kg2 Re1 48. Rf1 Rc1 49. g5 Ne6 50. g6 Kd6 51. Na3 Ke5 52.
Rf7 b1=Q 53. Nxb1 Rxb1 54. Ra7 Rb6 55. g7 Nxg7 56. Rxg7 Kd4 57. Ra7 Kc3 58. Kf3
Kb4 59. Ke3 a5 60. Kd3 a4 61. Kc2 Ka3 62. Ra8 Rb2+ 63. Kc1 Rb4 64. Rc8 Ka2 65.
Rc2+ Ka1 66. Rc3 Rb3 67. Rc4 a3 68. Rc7 Rb1+ 69. Kc2 Rh1 70. Rc3 1/2-1/2

[Event "Landesklasse West 2012/2013"]
[Site "?"]
[Date "2013.03.24"]
[Round "8"]
[White "Lehmann, Peter"]
[Black "Ziegenfuß, Holger"]
[Result "1-0"]
[WhiteElo "1885"]
[BlackElo "1876"]
[PlyCount "91"]
[EventDate "2013.??.??"]
[WhiteTeam "ESV Lok Meiningen"]
[BlackTeam "Schachclub Rochade Leinefelde"]

1. d4 Nf6 2. Nf3 c5 3. dxc5 Qa5+ 4. Nc3 Qxc5 5. e4 d6 6. h3 g6 7. Bd3 Bg7 8.
Be3 Qa5 9. Qd2 Nc6 10. Bh6 O-O 11. O-O Qh5 12. Bxg7 Kxg7 13. Qf4 h6 14. Rfe1 e5
15. Qg3 Be6 16. Rad1 Ne8 17. a3 g5 18. Nd5 f5 19. Nh2 Bxd5 20. exd5 Nd8 21. f3
Qf7 22. c4 b6 23. Re2 Nb7 24. h4 Qf6 25. hxg5 hxg5 26. Qh3 Nc5 27. Bc2 Nc7 28.
b4 Nd7 29. Ng4 Qg6 30. Ne3 e4 31. fxe4 Ne5 32. exf5 Qf6 33. Ng4 Nxg4 34. Qxg4
Rae8 35. Rde1 Rxe2 36. Rxe2 Rh8 37. Re3 Rh4 38. Qe2 Kf8 39. g3 Rh7 40. Kg2 Qh8
41. Kf3 Rh2 42. Qd1 Qb2 43. Re2 Rxe2 44. Qxe2 Qxa3+ 45. Kg4 Qc1 46. f6 1-0

[Event "Landesklasse West 2012/2013"]
[Site "?"]
[Date "2013.03.24"]
[Round "8"]
[White "Frank, Thomas"]
[Black "Grube, Jan"]
[Result "1-0"]
[WhiteElo "1907"]
[BlackElo "1791"]
[PlyCount "119"]
[EventDate "2013.??.??"]
[WhiteTeam "Schachclub Rochade Leinefelde"]
[BlackTeam "ESV Lok Meiningen"]

1. d4 d5 2. c4 e6 3. Nc3 Nf6 4. cxd5 exd5 5. Bf4 c6 6. Nf3 Be6 7. e3 Bb4 8. Nd2
O-O 9. Bd3 Nbd7 10. O-O Bg4 11. Qc2 Bh5 12. a3 Bxc3 13. Qxc3 Bg6 14. Bxg6 fxg6
15. h3 Qe8 16. f3 Qe6 17. Rfe1 Nb6 18. Rac1 Rae8 19. b4 a6 20. Qb3 Nbd7 21. a4
Ra8 22. b5 axb5 23. axb5 Ra5 24. bxc6 bxc6 25. Qb7 c5 26. Nb3 Ra4 27. Nxc5 Nxc5
28. dxc5 Rc8 29. Bd6 Ne8 30. Rcd1 Nxd6 31. cxd6 Ra5 32. e4 Rd8 33. Qc7 Raa8 34.
exd5 Qxd6 35. Re8+ Rxe8 36. Qxd6 Rad8 37. Qc5 Rc8 38. Qf2 Rc7 39. d6 Rd7 40.
Qd4 Red8 41. Qd5+ Kh8 42. g4 h6 43. Qe6 g5 44. Kg2 Kh7 45. Kg3 Kh8 46. h4 gxh4+
47. Kxh4 Kh7 48. Kh5 Ra7 49. d7 Ra5+ 50. Rd5 Ra2 51. Kh4 Ra4 52. Qe7 Raa8 53.
f4 Rab8 54. f5 h5 55. f6 Rg8 56. Rxh5+ Kg6 57. Rg5+ Kh6 58. Rxg7 Rb4 59. Qe3+
Rf4 60. Qxf4# 1-0

[Event "Landesklasse West 2012/2013"]
[Site "?"]
[Date "2013.03.24"]
[Round "8"]
[White "Von Otte, Wilhelm"]
[Black "Pfitzenreuter, Gerald"]
[Result "1-0"]
[WhiteElo "1929"]
[BlackElo "1901"]
[PlyCount "135"]
[EventDate "2013.??.??"]
[WhiteTeam "ESV Lok Meiningen"]
[BlackTeam "Schachclub Rochade Leinefelde"]

1. e4 c5 2. c3 Nc6 3. Nf3 e6 4. g3 Nf6 5. d3 d5 6. e5 Nd7 7. Qe2 Be7 8. Bg2 O-O
9. O-O Qc7 10. Bf4 Rd8 11. Re1 Nf8 12. h4 b6 13. h5 Bb7 14. Nbd2 Qd7 15. Nf1 h6
16. N1h2 Nh7 17. Ng4 Bf8 18. Rad1 Rac8 19. Nh4 Ne7 20. Kh2 Nf5 21. Bh3 Nxh4 22.
gxh4 d4 23. Nxh6+ Kh8 24. Rg1 Rc7 25. Rg3 dxc3 26. bxc3 Qa4 27. c4 b5 28. Rdg1
bxc4 29. dxc4 Qc6 30. Bg2 Qd7 31. Ng4 Bxg2 32. R1xg2 Qd1 33. Qe4 Qd4 34. Qf3
Rcd7 35. Be3 Qd1 36. Qf4 Qa1 37. Nh6 f5 38. exf6 Qxf6 39. Qxf6 Nxf6 40. Bg5
Nxh5 41. Rf3 gxh6 42. Bxd8 Rxd8 43. Rg6 Bd6+ 44. Kg1 Rg8 45. Rxg8+ Kxg8 46. Ra3
Kf7 47. Rxa7+ Kf6 48. a4 Nf4 49. a5 Ne2+ 50. Kf1 Nd4 51. a6 Nc6 52. Rb7 Ke5 53.
a7 Nxa7 54. Rxa7 Kf5 55. Kg2 Be5 56. Rf7+ Bf6 57. Kh3 h5 58. Kg3 Kg6 59. Rxf6+
Kxf6 60. Kf4 e5+ 61. Ke4 Ke6 62. f3 Kf6 63. Kd5 Kf5 64. Kxc5 Kf4 65. Kd5 Kxf3
66. Kxe5 Kg4 67. c5 Kxh4 68. Kf4 1-0

[Event "Landesklasse West 2012/2013"]
[Site "?"]
[Date "2013.03.24"]
[Round "8"]
[White "Müller, Sebastian"]
[Black "Scheftlein, Richard"]
[Result "1/2-1/2"]
[WhiteElo "1897"]
[BlackElo "1846"]
[PlyCount "57"]
[EventDate "2013.??.??"]
[WhiteTeam "Schachclub Rochade Leinefelde"]
[BlackTeam "ESV Lok Meiningen"]

1. e4 e6 2. d4 d5 3. Nd2 Nc6 4. c3 e5 5. dxe5 Nxe5 6. Ngf3 Bg4 7. Qa4+ Bd7 8.
Qd4 Nxf3+ 9. Nxf3 dxe4 10. Qxe4+ Qe7 11. Qxe7+ Bxe7 12. Bc4 Nf6 13. Ne5 O-O 14.
Nxd7 Nxd7 15. Bf4 Nb6 16. Bb3 c6 17. Rd1 Rfd8 18. O-O Kf8 19. Bc7 Rxd1 20. Rxd1
Rc8 21. Bf4 Rd8 22. Rxd8+ Bxd8 23. Be3 a6 24. Kf1 Nd5 25. Bxd5 cxd5 26. Ke2 Ke7
27. Kd3 Ke6 28. Bd4 g6 29. c4 1/2-1/2

[Event "Landesklasse West 2012/2013"]
[Site "?"]
[Date "2013.03.24"]
[Round "8"]
[White "Weiß, Daniel"]
[Black "Petiko, Jakob"]
[Result "0-1"]
[WhiteElo "1785"]
[BlackElo "1899"]
[PlyCount "66"]
[EventDate "2013.??.??"]
[WhiteTeam "ESV Lok Meiningen"]
[BlackTeam "Schachclub Rochade Leinefelde"]

1. e4 d6 2. d4 Nf6 3. Nc3 c6 4. g3 Nbd7 5. Bg2 e5 6. Nge2 Qc7 7. h3 b5 8. a3 a6
9. O-O Be7 10. Be3 O-O 11. Qd2 Re8 12. g4 exd4 13. Nxd4 Ne5 14. b3 Bf8 15. f4
Ned7 16. Nxc6 Bb7 17. Nd4 Nxe4 18. Nxe4 Bxe4 19. Rae1 Bxg2 20. Qxg2 Qc3 21. Qd2
Qc7 22. Bf2 Nf6 23. Rxe8 Rxe8 24. Bh4 Ne4 25. Qd3 d5 26. b4 Rc8 27. Be1 Bd6 28.
Bd2 Nxd2 29. Qxd2 Qc3 30. Qxc3 Rxc3 31. Re1 Kf8 32. Nf5 Bxf4 33. Ne7 Be3+ 0-1

[Event "Landesklasse West 2012/2013"]
[Site "?"]
[Date "2013.03.24"]
[Round "8"]
[White "Seeboth, Paul"]
[Black "Jörges, Frank"]
[Result "1-0"]
[WhiteElo "1806"]
[BlackElo "1812"]
[PlyCount "125"]
[EventDate "2013.??.??"]
[WhiteTeam "Schachclub Rochade Leinefelde"]
[BlackTeam "ESV Lok Meiningen"]

1. c4 Nf6 2. Nc3 e6 3. d4 d5 4. e3 c6 5. Nf3 Nbd7 6. Qc2 Be7 7. b3 O-O 8. Be2
b6 9. O-O Bb7 10. Bb2 c5 11. Rfd1 Rc8 12. Ne1 cxd4 13. exd4 dxc4 14. bxc4 Re8
15. g3 Ba6 16. Qa4 Nb8 17. Rac1 Qd7 18. Nb5 Bxb5 19. cxb5 Nd5 20. Nd3 a5 21.
Qb3 Qd6 22. Bf3 Nd7 23. Ne5 N7f6 24. a3 g5 25. Nc6 Bf8 26. Rc4 g4 27. Bg2 Bh6
28. a4 Bg5 29. Ba3 Nb4 30. Nxb4 axb4 31. Bxb4 Qd7 32. Bc6 Rxc6 33. Rxc6 Nd5 34.
Bd6 Qd8 35. Qa3 h5 36. Re1 h4 37. Re2 h3 38. Qd3 Qa8 39. Qc4 Kg7 40. Qb3 Rd8
41. Rec2 Rxd6 42. Rxd6 Qa5 43. Kf1 Nf6 44. Re2 Qa8 45. Rc6 Qd8 46. Qc4 Nd5 47.
Re4 Nf6 48. Re5 Bh6 49. d5 exd5 50. Qd4 Kg8 51. Rxf6 Bg7 52. Rg5 Qf8 53. Rxb6
f6 54. Qxd5+ Kh8 55. Rh5+ Bh6 56. Qd2 Kh7 57. Rb7+ Kg6 58. Rxh6+ Kf5 59. Qf4+
Ke6 60. Qe4+ Kd6 61. Qd4+ Ke6 62. Rb6+ Kf5 63. Qf4# 1-0

[Event "Landesklasse West 2012/2013"]
[Site "?"]
[Date "2013.03.24"]
[Round "8"]
[White "Rosenberg, Erik"]
[Black "Dittrich, Frank"]
[Result "0-1"]
[WhiteElo "1452"]
[BlackElo "1768"]
[PlyCount "74"]
[EventDate "2013.??.??"]
[WhiteTeam "ESV Lok Meiningen"]
[BlackTeam "Schachclub Rochade Leinefelde"]

1. d4 Nf6 2. c4 g6 3. Nc3 d5 4. cxd5 Nxd5 5. e3 Bg7 6. Nf3 O-O 7. Be2 c5 8. Qb3
Nxc3 9. bxc3 Nc6 10. O-O Rb8 11. Rd1 Na5 12. Qc2 c4 13. Ba3 b5 14. Rab1 Qc7 15.
e4 Nc6 16. Qd2 Rd8 17. Qg5 e6 18. e5 Qa5 19. Bd6 Ra8 20. Qd2 Bd7 21. Qb2 a6 22.
Nd2 Bf8 23. Ne4 Bxd6 24. Nxd6 Rab8 25. a3 Ne7 26. Bf3 Bc6 27. Bxc6 Nxc6 28. Re1
Ne7 29. Re3 Nd5 30. Rf3 f5 31. Qc1 Rd7 32. Nxc4 Qd8 33. Qb2 Rc7 34. Nd6 Rb6 35.
Rc1 Qg5 36. Rg3 Qh6 37. Qb3 Qxc1+ 0-1

[Event "Landesklasse West 2012/2013"]
[Site "?"]
[Date "2013.03.24"]
[Round "8"]
[White "Geißhirt, Marco"]
[Black "Essegern, Kurt"]
[Result "0-1"]
[WhiteElo "1919"]
[BlackElo "1952"]
[PlyCount "118"]
[EventDate "2013.??.??"]
[WhiteTeam "SG Barchfeld/Breitungen"]
[BlackTeam "Randspringer Bad Salzungen"]

1. e4 c5 2. Nf3 Nc6 3. Bc4 e6 4. Qe2 a6 5. c3 Be7 6. e5 d5 7. exd6 Qxd6 8. O-O
Bf6 9. d3 Nge7 10. Nbd2 b5 11. Ne4 Qc7 12. Bb3 Ne5 13. Be3 Nd7 14. d4 c4 15.
Bc2 Bb7 16. Nfg5 h6 17. Nh3 Nd5 18. Qg4 g5 19. Qh5 Bg7 20. Bd2 N5f6 21. Qe2
Nxe4 22. Bxe4 Bxe4 23. Qxe4 Rd8 24. f4 Nf6 25. Qe2 Rd5 26. a4 g4 27. Nf2 h5 28.
axb5 axb5 29. Ra8+ Ke7 30. Ra6 Rd6 31. Qe5 Rb8 32. Rfa1 Rb7 33. Qg5 Rxa6 34.
Rxa6 Ra7 35. Qxb5 Rxa6 36. Qxa6 Nd5 37. g3 f5 38. Nd1 Kf7 39. Kf2 Bh6 40. Ke2
Bxf4 41. Bxf4 Nxf4+ 42. gxf4 Qxf4 43. Qb7+ Kf6 44. Qg2 Qc1 45. Ke1 h4 46. Qd2
Qxd2+ 47. Kxd2 f4 48. Nf2 Kf5 49. Ke2 g3 50. hxg3 fxg3 51. Nd1 Ke4 52. b4 cxb3
53. Nb2 h3 54. Kf1 Kf3 55. Kg1 g2 56. Kh2 Kf2 57. Nd1+ Kf1 58. Ne3+ Ke2 59. Nc4
Kf2 0-1

[Event "Landesklasse West 2012/2013"]
[Site "?"]
[Date "2013.03.24"]
[Round "8"]
[White "Hübschmann, Holger"]
[Black "Rommel, Uwe"]
[Result "1/2-1/2"]
[WhiteElo "1903"]
[BlackElo "1875"]
[PlyCount "23"]
[EventDate "2013.??.??"]
[WhiteTeam "Randspringer Bad Salzungen"]
[BlackTeam "SG Barchfeld/Breitungen"]

1. Nf3 d5 2. c4 e6 3. b3 Nf6 4. Bb2 Be7 5. e3 O-O 6. Be2 c5 7. O-O Nc6 8. d4
cxd4 9. Nxd4 Nxd4 10. Qxd4 dxc4 11. Bxc4 Qxd4 12. Bxd4 1/2-1/2

[Event "Landesklasse West 2012/2013"]
[Site "?"]
[Date "2013.03.24"]
[Round "8"]
[White "Roth, Ralf"]
[Black "Crivellaro, Heiko"]
[Result "1-0"]
[WhiteElo "1845"]
[BlackElo "1826"]
[PlyCount "97"]
[EventDate "2013.??.??"]
[WhiteTeam "Randspringer Bad Salzungen"]
[BlackTeam "SG Barchfeld/Breitungen"]

1. Nc3 g6 2. h4 d5 3. e4 d4 4. Nce2 Nc6 5. Ng3 h5 6. Bc4 Qd6 7. d3 Bg4 8. N1e2
e5 9. Bd2 Bh6 10. a3 a6 11. f3 Be6 12. Bxe6 Qxe6 13. Bxh6 Nxh6 14. Qd2 O-O-O
15. b3 f6 16. O-O-O Qe7 17. Kb2 Na7 18. Ra1 Nb5 19. Ng1 Nf7 20. Nh3 Rdg8 21.
Nf2 Nbd6 22. Rag1 Nb5 23. Ra1 Nfd6 24. Ne2 g5 25. g3 gxh4 26. Rxh4 Nf7 27. a4
Nbd6 28. Rah1 Ng5 29. Ng1 Qe8 30. g4 hxg4 31. Nxg4 Rxh4 32. Rxh4 Qe7 33. f4
Ngf7 34. Nf3 b6 35. Qh2 b5 36. a5 Nb7 37. fxe5 Qc5 38. Nxf6 Qc3+ 39. Kb1 Rg6
40. Nd5 Qc5 41. b4 Qf8 42. Nxd4 Nbd8 43. e6 Nd6 44. e7 Qf1+ 45. Kb2 Rg1 46.
exd8=R+ Kb7 47. Nb3 Qb1+ 48. Ka3 Rc1 49. Qxd6 1-0

[Event "Landesklasse West 2012/2013"]
[Site "?"]
[Date "2013.03.24"]
[Round "8"]
[White "Abe, Rico"]
[Black "Essegern, Uwe"]
[Result "0-1"]
[WhiteElo "1709"]
[BlackElo "1828"]
[PlyCount "74"]
[EventDate "2013.??.??"]
[WhiteTeam "SG Barchfeld/Breitungen"]
[BlackTeam "Randspringer Bad Salzungen"]

1. e4 d6 2. d4 Nf6 3. Nc3 g6 4. Nf3 Bg7 5. Bg5 h6 6. Bh4 g5 7. Bg3 Nh5 8. Bc4
O-O 9. Ne2 c5 10. c3 Nc6 11. dxc5 dxc5 12. Qxd8 Rxd8 13. Bb3 Bg4 14. Bc2 b5 15.
h3 Bxf3 16. gxf3 Rd7 17. Rd1 Rad8 18. Rxd7 Rxd7 19. h4 Nxg3 20. Nxg3 Ne5 21.
Ke2 a6 22. hxg5 hxg5 23. Rd1 Rxd1 24. Bxd1 Nc4 25. b3 Nb2 26. Nf5 e6 27. Nxg7
Nxd1 28. Kxd1 Kxg7 29. Ke2 Kf6 30. Ke3 Ke5 31. a3 a5 32. c4 bxc4 33. bxc4 a4
34. f4+ gxf4+ 35. Kf3 f6 36. Kg4 Kxe4 37. f3+ Ke3 0-1

[Event "Landesklasse West 2012/2013"]
[Site "?"]
[Date "2013.03.24"]
[Round "8"]
[White "Kunze, Heinz"]
[Black "Kleinsteuber, Erik"]
[Result "0-1"]
[WhiteElo "1733"]
[BlackElo "1650"]
[PlyCount "52"]
[EventDate "2013.??.??"]
[WhiteTeam "Randspringer Bad Salzungen"]
[BlackTeam "SG Barchfeld/Breitungen"]

1. e4 e6 2. d4 d5 3. e5 c5 4. c3 Nc6 5. Be3 cxd4 6. cxd4 Nge7 7. Nf3 Nf5 8. Nc3
Be7 9. Be2 O-O 10. Qd2 Nh4 11. O-O Nxf3+ 12. Bxf3 f6 13. exf6 Bxf6 14. Rad1 b6
15. Rfe1 Bd7 16. Be2 a6 17. Rb1 Na5 18. b4 Nc4 19. Qd3 b5 20. Red1 Be8 21. Bg4
Qd6 22. Qe2 Bg6 23. Rb3 Rf7 24. g3 Rfa7 25. h4 Nxe3 26. fxe3 Qxg3+ 0-1

[Event "Landesklasse West 2012/2013"]
[Site "?"]
[Date "2013.03.24"]
[Round "8"]
[White "Zimmermann, Dirk"]
[Black "Mäurer, Michael"]
[Result "1/2-1/2"]
[WhiteElo "1642"]
[BlackElo "1632"]
[PlyCount "21"]
[EventDate "2013.??.??"]
[WhiteTeam "SG Barchfeld/Breitungen"]
[BlackTeam "Randspringer Bad Salzungen"]

1. e4 c6 2. d4 d5 3. e5 Bf5 4. Bd3 Bxd3 5. Qxd3 e6 6. f4 Qb6 7. Nf3 c5 8. c3
cxd4 9. cxd4 Ne7 10. O-O Nd7 11. Nc3 1/2-1/2